01000nas a2200241Ia 4500001001100000003000900011008004100020040001300061040001300074041001300087100004800100210002000148222002000168245010000188250001100288260002100299501008600320300002000406310001600426362004300442500021400485650005900699R818/50783IT-RoPAU151124c99999999xx |||||||||||| ||und|| aIT-RoPAU cIT-RoPAU aITALIANO aMontero R. RomerogCodice Aut. SPICS: 50763 aSPETTACOLO (LO) aSpettacolo (Lo) aSPETTACOLO (LO), ANNO 01-N.3 (LUGLIO/SETTEMBRE 1951)bSpagna Come Mercato Dello Spettacolo (La) a1a ed. aROMAbSIAEc1951 bPaulus - SPICS - Società San Paolo EM (non-commercial uses only)cCopyright2015 a11 p. [256-266] aTRIMESTRALE aANNO 001, N.03 (LUGLIO/SETTEMBRE 1951) aIncremento del Mercato Cinematografico Spagnolo. Censimento dei Locali da Spettacolo in Spagna. Diffusione dei Cinema: Distribuzione per Abitante, Incassi, Numero e Valore Economico Delle Importazioni di Film. aTEATRO - DANZA - DRAMMATURGIAvPUBBLICAZIONE PERIODICA